Päťdesiat miliónov pre mimovládne subjekty Z tlačovej konferencie slovenskej delegácie na summite OSN

Bibliographic Details
Format: Article
Language:Slovak
Subjects:

MARC

LEADER 00000nab a2200000 a 4500
001 vtls000541339
003 SK-MaSNL
005 20260303012719.0
008 120928c1995 xo 0 slo
015 |a SNBRB19rr/mm-uuuuu 
035 |a CL0541477 
040 |a SNKBUCL  |b slo  |c SNKBUCL  |e AACR2 
041 0 |a slo 
044 |a xo  |c SK 
080 |a 061.1(100):308  |2 1981 
080 |a 308  |2 1981 
080 |a 341.123  |2 1981 
245 0 0 |a Päťdesiat miliónov pre mimovládne subjekty  |b Z tlačovej konferencie slovenskej delegácie na summite OSN 
650 0 7 |a Svetová konferencia OSN o sociálnom rozvoji  |2 snkbucl  |9 992539 
655 7 |a články z novín a časopisov  |2 snkbucl  |9 267496 
773 0 |t Slovenská republika  |g Roč. 2, č. 57 (9. 3. 1995), s. 7 
850 |a Slovenská národná knižnica v Martine  |a MTA001 
852 |a SNK  |b KIS3GCP 
958 |a RK 
992 |a RBX 
999 |c 1598705  |d 1600635